000 00682nam a22002297a 4500
008 150522b xxu||||| |||| 00| 0 eng d
020 _a9780071749275 (alk. paper)
020 _a0071749276 (alk. paper)
041 0 _aeng
080 _a658.8
100 _aMoffitt, Sean.
245 0 0 _aWikibrands :
_cSean Moffitt and Mike Dover.
260 _aNew York :
_bMcGraw-Hill,
_cc2011.
300 _a318 f
_c24 cm.
505 _aIndex:f. 309-318
650 0 _aMarketing
650 0 _aMenaxhimi i produktit
650 0 _aInternet marketing.
650 0 _ashkenca kompjuterike
700 1 _aDover, Mike.
942 _2udc
_cBK
999 _c898
_d898